Statistics for Generation VIII Pokémon (Galar)

Click here to take the quiz!

General Stats

  • This quiz has been taken 1,462 times
    (1,165 since last reset)
  • The average score is 64 of 89

Answer Stats

#TypePokémon% Correct
810GrassGrookey
95%
812GrassRillaboom
95%
813FireScorbunny
95%
816WaterSobble
95%
815FireCinderace
93%
818WaterInteleon
92%
814FireRaboot
90%
823Flying/SteelCorviknight
88%
811GrassThwackey
87%
821FlyingRookidee
85%
888FairyZacian
85%
889FightingZamazenta
85%
822FlyingCorvisquire
84%
840Grass/DragonApplin
82%
817WaterDrizzile
82%
842Grass/DragonAppletun
81%
890Poison/DragonEternatus
80%
841Grass/DragonFlapple
80%
887Dragon/GhostDragapult
79%
885Dragon/GhostDreepy
78%
826Bug/PsychicOrbeetle
78%
861Dark/FairyGrimmsnarl
77%
859Dark/FairyImpidimp
77%
872Ice/BugSnom
77%
848Electric/PoisonToxel
77%
849Electric/PoisonToxtricity
77%
820NormalGreedent
76%
851Fire/BugCentiskorch
75%
839Rock/FireCoalossal
75%
819NormalSkwovet
75%
824BugBlipbug
74%
891FightingKubfu
74%
862Dark/NormalObstagoon
74%
895DragonRegidrago
74%
837RockRolycoly
74%
892Fighting/VariesUrshifu
74%
833WaterChewtle
73%
834Water/RockDrednaw
73%
873Ice/BugFrosmoth
73%
894ElectricRegieleki
73%
836ElectricBoltund
72%
825Bug/PsychicDottler
72%
882Water/DragonDracovish
72%
858Psychic/FairyHatterenne
72%
827DarkNickit
72%
828DarkThievul
72%
831NormalWooloo
72%
835ElectricYamper
72%
883Water/IceArctovish
71%
898Psychic/GrassCalyrex
71%
880Electric/DragonDracozolt
71%
884Steel/DragonDuraludon
71%
881Electric/IceArctozolt
70%
838Rock/FireCarkol
69%
886Dragon/GhostDrakloak
69%
830GrassEldegoss
69%
856PsychicHatenna
69%
860Dark/FairyMorgrem
69%
866Ice/PsychicMr. Rime
69%
850Fire/BugSizzlipede
69%
877Electric/DarkMorpeko
68%
832NormalDubwool
67%
897GhostSpectrier
67%
893Dark/GrassZarude
67%
845Flying/WaterCramorant
66%
896IceGlastrier
66%
829GrassGossifleur
66%
857PsychicHattrem
66%
854GhostSinistea
64%
855GhostPolteageist
63%
875IceEiscue
62%
867Ghost/GroundRunerigus
62%
865FightingSirfetch'd
62%
844GroundSandaconda
61%
869FairyAlcremie
60%
847WaterBarraskewda
60%
864GhostCursola
60%
876Psychic/NormalIndeedee
60%
863SteelPerrserker
59%
843GroundSilicobra
59%
974RockStonjourner
59%
846WaterArrokuda
58%
853FightingGrapploct
58%
868FairyMilcery
58%
879SteelCopperajah
56%
878SteelCufant
55%
870FightingFalinks
55%
852FightingClobbopus
54%
871ElectricPincurchin
50%

Score Distribution

Percentile by Number Answered

Percent of People with Each Score

Your Score History

You have not taken this quiz since the last reset